[Event "NOR-ch Class3"]
[Site "Lillehammer"]
[Date "2013.06.29"]
[Round "8"]
[White "Berezkin, Alexander"]
[Black "Birkestrand, Odd Helge"]
[Result "1/2-1/2"]
[WhiteElo "1345"]
[BlackElo "1412"]
[PlyCount "54"]
[EventDate "2013.06.29"]
[EventType "swiss"]
[EventRounds "9"]
[EventCountry "NOR"]
[SourceTitle "EXT 2017"]
[Source "ChessBase"]
[SourceDate "2016.10.25"]
[SourceVersion "1"]
[SourceVersionDate "2016.10.25"]
[SourceQuality "1"]

1. Nf3 f5 2. b3 Nf6 3. Bb2 e6 4. g3 d6 5. Bg2 Be7 6. c4 0-0 7. 0-0 e5 8. d4 e4 9. Nfd2 c6 10. Nc3 Qe8 11. e3 Ng4 12. Qe2 Bg5 13. h3 Nf6 14. Rae1 d5 15. cxd5 Nxd5 16. Nxd5 cxd5 17. Nb1 Nc6 18. Qb5 Qe6 19. Nc3 a6 20. Qxd5 Nb4 21. Qxe6+ Bxe6 22. Ba3 Be7 23. Rc1 Rfe8 24. Bxb4 Bxb4 25. Nb1 Rac8 26. Rfd1 Bd5 27. Bf1 b5 1/2-1/2

[Event "Trondheim tt U26"]
[Site "Trondheim"]
[Date "2007.04.28"]
[Round "1"]
[White "Berezkin, Alexander"]
[Black "Brekke, John Ivar"]
[Result "1/2-1/2"]
[WhiteElo "1077"]
[BlackElo "1354"]
[PlyCount "129"]
[EventDate "2007.04.28"]
[EventType "team"]
[EventRounds "5"]
[EventCountry "NOR"]
[SourceTitle "EXT 2008"]
[Source "ChessBase"]
[SourceDate "2007.11.25"]
[SourceVersion "1"]
[SourceVersionDate "2007.11.25"]
[SourceQuality "1"]

1. e4 e6 2. d4 d5 3. exd5 exd5 4. Nf3 Nf6 5. g3 Bd6 6. Bg2 0-0 7. 0-0 Bg4 8. Bg5 Nbd7 9. Nbd2 h6 10. Be3 Re8 11. c3 c6 12. Re1 Qc7 13. b4 Ne4 14. Qc2 Ndf6 15. Kh1 Qd7 16. Ng1 Bf5 17. Nxe4 Nxe4 18. Qb2 Re7 19. Re2 Rae8 20. Rae1 a6 21. Nf3 Bg4 22. Rc2 Bh3 23. Rce2 Qf5 24. Nd2 Bxg2+ 25. Kxg2 Ng5 26. h4 Qh3+ 27. Kg1 Nh7 28. Nf1 Qg4 29. Kg2 Nf6 30. f3 Qe6 31. Bf2 Qd7 32. Rxe7 Rxe7 33. Rxe7 Qxe7 34. Qd2 Nd7 35. Qe1 Qxe1 36. Bxe1 f5 37. Bd2 Kf7 38. f4 Nf6 39. a4 Ne4 40. a5 h5 41. Kf3 Bc7 42. Be1 b6 43. axb6 Bxb6 44. Ne3 g6 45. Ke2 Ke6 46. Kd3 a5 47. bxa5 Bxa5 48. Nf1 Bb6 49. Nh2 c5 50. Nf3 cxd4 51. cxd4 Bc7 52. Ng5+ Nxg5 53. hxg5 h4 54. gxh4 Bxf4 55. Bf2 Bd6 56. Kc3 f4 57. Kb3 Kf5 58. Ka4 f3 59. Kb5 Ke4 60. Kc6 Bf8 61. Bg1 Bg7 62. Kc5 Bf8+ 63. Kc6 Bg7 64. Kc5 Bf8+ 65. Kc6 1/2-1/2